00642nam a2200229 a 4500001001300000003000900013005001700022008004100039020000900080082001600089100002100105245002500126260003400151300000900185500003500194650001800229700002100247902000800268942000700276952011400283999001500397nice12345678IN_TiNIC20260116011821.0050524s0000 dela grp 000 0 urd  ac5000a297.52bISM aIsmail, Mohammad aNamaz Keamali Faaide aDelhibNihal Kitab Gharc0000 a128p aincludes index and biblioraphy aIslam-Prayers1 aIsmail, Mohammad bSRS cBK 001040708StackRoom-aHMIbHMId2008-03-04g50.00l0o297.52 ISMp08929r2008-03-04v50.00w2005-05-24yBK c4179d4179